Statistiques concernant Phase finale de la Coupe du Monde 2006

Cliquez ici pour prendre le quiz!

Statistiques générales

  • Ce quiz a été pris 386 fois
  • Le résultat moyen est 13 sur 16

Statistiques - réponses

Réponse% Correct
France
100%
Italie
100%
Brésil
99%
Allemagne
98%
Portugal
98%
Espagne
96%
Argentine
95%
Angleterre
90%
Pays-Bas
86%
Suisse
84%
Mexique
81%
Suède
70%
Ghana
67%
Australie
66%
Ukraine
63%
Equateur
41%

Distribution des résultats

Percentile par nombre de réponses

% des personnes avec chaque résultat

Votre développement - résultats

Vous n’avez pas pris ce quiz